[Event "Leipzig VfB op 22nd"]
[Site "Leipzig"]
[Date "2015.03.08"]
[Round "9"]
[White "Oertel, Thomas"]
[Black "Nguyen, Alex Dac Vuong"]
[Result "1/2-1/2"]
[WhiteElo "2047"]
[BlackElo "1835"]
[PlyCount "49"]
[EventDate "2015.03.03"]
[EventType "swiss"]
[EventRounds "9"]
[EventCountry "GER"]
[SourceTitle "EXT 2016"]
[Source "ChessBase"]
[SourceDate "2015.10.08"]
[SourceVersion "1"]
[SourceVersionDate "2015.10.08"]
[SourceQuality "1"]

1. e4 e6 2. d4 d5 3. Nc3 Nf6 4. Bg5 Be7 5. exd5 Nxd5 6. Bxe7 Qxe7 7. Nxd5 exd5+ 8. Qe2 Nc6 9. 0-0-0 0-0 10. Qxe7 Nxe7 11. Bd3 Be6 12. Ne2 c6 13. f4 Bf5 14. Rhg1 Bxd3 15. Rxd3 Nf5 16. g4 Nd6 17. Ng3 Rae8 18. Rdd1 Ne4 19. Rde1 Nxg3 20. hxg3 f6 21. Kd2 Kf7 22. Kd3 Re7 23. Rxe7+ Kxe7 24. Rh1 h6 25. Re1+ 1/2-1/2

[Event "GER-chT U20"]
[Site "Arendsee"]
[Date "2008.12.28"]
[Round "4.3"]
[White "Oertel, Thomas"]
[Black "Wolff, Christoph1"]
[Result "1/2-1/2"]
[WhiteElo "1864"]
[BlackElo "1718"]
[PlyCount "28"]
[EventDate "2008.12.27"]
[EventType "team-swiss"]
[EventRounds "7"]
[EventCountry "GER"]
[SourceTitle "CBM 128 Extra"]
[Source "ChessBase"]
[SourceDate "2009.03.05"]
[SourceVersion "2"]
[SourceVersionDate "2009.03.25"]
[SourceQuality "1"]
[WhiteTeam "Chemnitz USG"]
[BlackTeam "Stadtilm Blau Weiss"]
[WhiteTeamCountry "GER"]
[BlackTeamCountry "GER"]

1. e4 c5 2. Nf3 d6 3. c4 e5 4. Nc3 f5 5. d3 Nf6 6. a3 Nc6 7. Nd5 Nxd5 8. cxd5 Nd4 9. b4 b6 10. Bb2 Be7 11. Be2 0-0 12. 0-0 Kh8 13. Nxd4 cxd4 14. f4 Bd7 1/2-1/2

[Event "GER-chT U20"]
[Site "Arendsee"]
[Date "2008.12.27"]
[Round "2.4"]
[White "Giss, Helene"]
[Black "Oertel, Thomas"]
[Result "1/2-1/2"]
[WhiteElo "2040"]
[BlackElo "1864"]
[PlyCount "154"]
[EventDate "2008.12.27"]
[EventType "team-swiss"]
[EventRounds "7"]
[EventCountry "GER"]
[SourceTitle "CBM 128 Extra"]
[Source "ChessBase"]
[SourceDate "2009.03.05"]
[SourceVersion "2"]
[SourceVersionDate "2009.03.25"]
[SourceQuality "1"]
[WhiteTeam "Dillingen"]
[BlackTeam "Chemnitz USG"]
[WhiteTeamCountry "GER"]
[BlackTeamCountry "GER"]

1. e4 e6 2. d4 d5 3. e5 c5 4. c3 Nc6 5. Nf3 Qb6 6. a3 c4 7. Nbd2 f6 8. exf6 Nxf6 9. g3 Bd6 10. Qe2 0-0 11. Bh3 e5 12. Bxc8 Raxc8 13. Nxe5 Nxe5 14. dxe5 Bxe5 15. Nf3 Bd6 16. Be3 Qc7 17. Nd4 Qd7 18. 0-0-0 Ng4 19. h3 Ne5 20. Rd2 a5 21. Kb1 b5 22. f4 Nd3 23. Qg4 Qxg4 24. hxg4 b4 25. cxb4 axb4 26. Nf5 Rfd8 27. axb4 Bxb4 28. Rdh2 g6 29. Nd4 Rd7 30. Nf3 Bc5 31. Bxc5 Rxc5 32. Ng5 Rcc7 33. Ne6 Rb7 34. Rd1 Rb6 35. f5 Rdb7 36. Rdd2 Rd7 37. Rh1 gxf5 38. gxf5 Ne5 39. Rhd1 c3 40. Rxd5 Rxb2+ 41. Kc1 Rdb7 42. Rxe5 Ra7 43. Rd8+ Kf7 44. Ng5+ Kf6 45. Ne4+ Kxe5 46. Nxc3 Rg2 47. Rd5+ Kf6 48. Ne4+ Kg7 49. Kb1 Rb7+ 50. Kc1 Rc7+ 51. Kb1 Re2 52. Nc5 Kf7 53. g4 h6 54. Ne6 Rb7+ 55. Ka1 Ra7+ 56. Kb1 Rg2 57. Rd4 Kf6 58. Nc5 Rc7 59. Nd7+ Ke7 60. Ne5 Kf6 61. Nd7+ Kg5 62. Ne5 Re7 63. Nf3+ Kf6 64. Rd6+ Kf7 65. Rxh6 Rxg4 66. Rh7+ Ke8 67. Rxe7+ Kxe7 68. Kc2 Rf4 69. Nd2 Rxf5 70. Kd3 Rf4 71. Nc4 Ke6 72. Nd2 Kd5 73. Ke3 Rd4 74. Nf3 Re4+ 75. Kd3 Rg4 76. Ke3 Ra4 77. Ng5 Ra3+ 1/2-1/2

[Event "Sachsen-ch U18"]
[Site "Sebnitz"]
[Date "2007.04.14"]
[Round "7"]
[White "Klinger, Markus"]
[Black "Oertel, Thomas"]
[Result "1/2-1/2"]
[WhiteElo "1763"]
[BlackElo "1848"]
[PlyCount "20"]
[EventDate "2007.04.10"]
[EventType "swiss"]
[EventRounds "7"]
[EventCountry "GER"]
[SourceTitle "EXT 2008"]
[Source "ChessBase"]
[SourceDate "2007.11.25"]
[SourceVersion "1"]
[SourceVersionDate "2007.11.25"]
[SourceQuality "1"]

1. e4 e6 2. d4 d5 3. e5 c5 4. c3 Nc6 5. Nf3 Qb6 6. Be2 Bd7 7. 0-0 cxd4 8. cxd4 Nge7 9. Nc3 Nf5 10. Na4 Qc7 1/2-1/2

[Event "Sachsen-ch U18"]
[Site "Sebnitz"]
[Date "2007.04.11"]
[Round "2"]
[White "Haense, Felix"]
[Black "Oertel, Thomas"]
[Result "0-1"]
[WhiteElo "1787"]
[BlackElo "1848"]
[PlyCount "86"]
[EventDate "2007.04.10"]
[EventType "swiss"]
[EventRounds "7"]
[EventCountry "GER"]
[SourceTitle "EXT 2008"]
[Source "ChessBase"]
[SourceDate "2007.11.25"]
[SourceVersion "1"]
[SourceVersionDate "2007.11.25"]
[SourceQuality "1"]

1. Nf3 Nf6 2. g3 d5 3. Bg2 c5 4. 0-0 Nc6 5. d3 g6 6. Nc3 Bg7 7. e4 Bg4 8. h3 Bxf3 9. Qxf3 dxe4 10. Nxe4 Nxe4 11. dxe4 0-0 12. c3 Ne5 13. Qe2 Nd3 14. Be3 c4 15. Rfd1 Qc7 16. Bf1 Rad8 17. Qc2 Qc6 18. Bxd3 cxd3 19. Rxd3 Qxe4 20. Rad1 b6 21. Qd2 Rxd3 22. Qxd3 Qa4 23. Qd5 e6 24. Qb3 Qc6 25. Qa3 Qc7 26. Qa4 Ra8 27. Rd7 Qb8 28. Qc6 Qe8 29. Qb7 Rb8 30. Qxa7 Ra8 31. Qc7 Be5 32. Qxe5 Qxd7 33. Bd4 f6 34. Qxf6 Rxa2 35. Qh8+ Kf7 36. Qxh7+ Ke8 37. Qxg6+ Kd8 38. Bxb6+ Kc8 39. Qe4 Ra1+ 40. Kh2 Kb8 41. Bd4 Kc8 42. Qe5 Qc6 43. Qc5 Rh1# 0-1

[Event "Sachsen-ch U18"]
[Site "Sebnitz"]
[Date "2007.04.11"]
[Round "3"]
[White "Oertel, Thomas"]
[Black "Kulke, Tobias"]
[Result "1-0"]
[WhiteElo "1848"]
[BlackElo "1885"]
[PlyCount "65"]
[EventDate "2007.04.10"]
[EventType "swiss"]
[EventRounds "7"]
[EventCountry "GER"]
[SourceTitle "EXT 2008"]
[Source "ChessBase"]
[SourceDate "2007.11.25"]
[SourceVersion "1"]
[SourceVersionDate "2007.11.25"]
[SourceQuality "1"]

1. e4 c5 2. Nf3 e6 3. d4 cxd4 4. Nxd4 a6 5. c4 Nf6 6. Nc3 Bb4 7. Bd3 Qc7 8. 0-0 Nc6 9. Nxc6 Bxc3 10. bxc3 bxc6 11. Qe2 d6 12. f4 Nd7 13. Be3 c5 14. Qg4 g6 15. Qh4 Qd8 16. Qg3 f5 17. exf5 gxf5 18. Qf3 Rb8 19. Rab1 Rxb1 20. Rxb1 Qf6 21. Qc6 Ke7 22. Bd2 Rg8 23. Re1 e5 24. Qd5 Rg7 25. fxe5 dxe5 26. Be3 e4 27. Bxc5+ Nxc5 28. Qxc5+ Qd6 29. Qxc8 Qxd3 30. Qxf5 Qxc3 31. Rxe4+ Kd8 32. Qd5+ Kc8 33. Qc6+ 1-0

[Event "Sachsen-ch U16"]
[Site "Sebnitz"]
[Date "2005.03.29"]
[Round "1"]
[White "Oertel, Thomas"]
[Black "Ehrhardt, Eric"]
[Result "1-0"]
[WhiteElo "1626"]
[BlackElo "1833"]
[PlyCount "93"]
[EventDate "2005.03.29"]
[EventType "swiss"]
[EventRounds "7"]
[EventCountry "GER"]
[SourceTitle "EXT 2007"]
[Source "ChessBase"]
[SourceDate "2006.11.23"]
[SourceVersion "1"]
[SourceVersionDate "2006.11.23"]
[SourceQuality "1"]

1. e4 c5 2. Nf3 d6 3. d4 cxd4 4. Nxd4 Nf6 5. Nc3 a6 6. Be2 e5 7. Nb3 Be7 8. 0-0 Be6 9. f4 Qc7 10. f5 Bc4 11. Bg5 Nbd7 12. Kh1 0-0 13. Nd2 Bxe2 14. Qxe2 b5 15. a3 Nb6 16. Nf3 Nc4 17. Bxf6 Bxf6 18. Nd5 Qd8 19. b3 Nb6 20. Rad1 Rc8 21. a4 Rc5 22. axb5 axb5 23. Ne3 Qc7 24. Rd3 Ra8 25. Rfd1 Be7 26. Ne1 Qc6 27. f6 Bxf6 28. Rxd6 Qc7 29. Nf5 Kh8 30. Qf2 Rb8 31. Nh6 Rc6 32. Nxf7+ Kg8 33. Nh6+ Kh8 34. Nf5 Rxd6 35. Nxd6 Rf8 36. Nxb5 Qc6 37. Qe2 Be7 38. Nf3 Qf6 39. c4 g5 40. h3 Qe6 41. Nc7 Qh6 42. Qe3 Rf4 43. Nxe5 Qh5 44. Nf3 Qh6 45. Nd5 Nxd5 46. exd5 Bf8 47. Qe5+ 1-0